Ou en sont les économies des pays de l'Est?
Všeobecný pokles výroby. HDP na hlavu. Priemyselná výroba. Menová stabilita sa spomaľuje. Inflácia sa zvyšuje. Vývoj ukazovateľa spotrebných cien. Vývoj vývozu do dolárovej oblasti. Vývoj platobnej bilancie po reforme RVHP. (Service des études économiques et financieres de la CDC, Note de conjonctur...
Guardado en:
| Autor principal: | |
|---|---|
| Formato: | Capítulo de libro |
| Lenguaje: | francés |
| Materias: | |
| Etiquetas: |
Sin Etiquetas, Sea el primero en etiquetar este registro!
|
MARC
| LEADER | 00000naa a2200000 4500 | ||
|---|---|---|---|
| 001 | r004548 | ||
| 005 | 20221125091646.5 | ||
| 041 | 0 | |a fre | |
| 044 | |a FR | ||
| 245 | 1 | 0 | |a Ou en sont les économies des pays de l'Est? |c N. Ricoeur |
| 520 | |a Všeobecný pokles výroby. HDP na hlavu. Priemyselná výroba. Menová stabilita sa spomaľuje. Inflácia sa zvyšuje. Vývoj ukazovateľa spotrebných cien. Vývoj vývozu do dolárovej oblasti. Vývoj platobnej bilancie po reforme RVHP. (Service des études économiques et financieres de la CDC, Note de conjoncture 1991, zv. 1.). | ||
| 610 | 2 | 0 | |a rozvoj hospodársky |
| 610 | 2 | 0 | |a inflácia |
| 610 | 2 | 0 | |a vývoz |
| 610 | 2 | 0 | |a bilancia platobná |
| 610 | 2 | 0 | |a mena |
| 610 | 2 | 0 | |a ceny |
| 610 | 2 | 0 | |a východná Európa |
| 610 | 2 | 0 | |a produkt domáci hrubý |
| 610 | 2 | 0 | |a údaje štatistické |
| 100 | 1 | |a Ricoeur, N. | |